000
00326nam a2200145Ia 4500
100
_a
Bucek/Victor J
942
_c
RB
654
_a
discrete
245
_a
Control system:continuous and discrete
260
_b
prentice hall
_a
New Jersey
_c
1989
082
_a
629.8312
_b
BUC
300
_a
300
546
_a
ENGLISH
999
_c
31583
_d
31583